00932cam a2200253 a 450000100100000000500170001000800410002702000150006804000230008308200180010610000480012424500880017226000320026030000280029244000370032050400530035765000270041065000310043770000330046891000340050191000070053595201210054299900150066300000525420210409114020.0991208s1999 sp a b 001 0 spa  a8437617065 aDO-SdBNPcDLCdDLC a862.62bG216m aGarcía Lorca, Federico,d1898-193691472713aEl maleficio de la mariposa /cFederico García Lorca ; edición, Piero Menarini. aMadrid :bCátedra,c1999. a227 p. :bil. ;c18 cm. 0aLetras hispánicas ;v46594208 aIncluye referencias bibliográficas (p. 81-84). 4aTeatro español93071 4aLiteratura española96321 aMenarini, Piero,eed.914989 aCatalogación por copia / LC aWM 001052708MOaGRbGRcHDd2009-08-18iLF1l0o862.62 G216mp5254-10r2020-06-25w2020-06-25y2ZPréstamo interno c5055d5055